Hasiace prístroje

Postup pri obstaraní, určení druhu a počtu, umiestnení, prevádzkovaní a kontrole hasiacich prístrojov po 1. 1. 2003

Salvato in:
Dettagli Bibliografici
Autore principale: Miko, Jaroslav
Natura: Capitolo di libro
Lingua:slovacco
Soggetti:
Tags: Aggiungi Tag
Nessun Tag, puoi essere il primo ad aggiungerne!!

MARC

LEADER 00000naa a2200000 4500
001 r048171
005 20231003082852.8
041 0 |a slo 
044 |a SK 
245 1 0 |a Hasiace prístroje  |c Jaroslav Miko 
520 |a Postup pri obstaraní, určení druhu a počtu, umiestnení, prevádzkovaní a kontrole hasiacich prístrojov po 1. 1. 2003 
610 2 0 |a ochrana požiarna 
610 2 0 |a zákony 
610 2 0 |a pracovisko 
610 2 0 |a bezpečnosť práce 
610 2 0 |a Slovensko 
100 1 |a Miko, Jaroslav